|
|
|
|
| LEADER |
02016nam a22003613i 4500 |
| 001 |
EBC5494961 |
| 003 |
MiAaPQ |
| 005 |
20231204023214.0 |
| 006 |
m o d | |
| 007 |
cr cnu|||||||| |
| 008 |
231204s2017 xx o ||||0 eng d |
| 020 |
|
|
|a 9783110550887
|q (electronic bk.)
|
| 020 |
|
|
|z 9783110550856
|
| 035 |
|
|
|a (MiAaPQ)EBC5494961
|
| 035 |
|
|
|a (Au-PeEL)EBL5494961
|
| 035 |
|
|
|a (OCoLC)1088321323
|
| 040 |
|
|
|a MiAaPQ
|b eng
|e rda
|e pn
|c MiAaPQ
|d MiAaPQ
|
| 100 |
1 |
|
|a Henrot, Antoine.
|
| 245 |
1 |
0 |
|a Shape Optimization and Spectral Theory.
|
| 250 |
|
|
|a 1st ed.
|
| 264 |
|
1 |
|a Warschau/Berlin :
|b Walter de Gruyter GmbH,
|c 2017.
|
| 264 |
|
4 |
|c ©2017.
|
| 300 |
|
|
|a 1 online resource (474 pages)
|
| 336 |
|
|
|a text
|b txt
|2 rdacontent
|
| 337 |
|
|
|a computer
|b c
|2 rdamedia
|
| 338 |
|
|
|a online resource
|b cr
|2 rdacarrier
|
| 505 |
0 |
|
|a Intro -- Contents -- 1 Introduction -- 2 Existence results -- 3 Regularity of optimal spectral domains -- 4 The Robin problem -- 5 Spectral geometry of the Steklov problem -- 6 Triangles and Other Special Domains -- 7 Spectral inequalities in quantitative form -- 8 Universal Inequalities for the Eigenvalues of the Dirichlet Laplacian -- 9 Spectral optimization problems for Schrödinger operators -- 10 Nodal and spectral minimal partitions - The state of the art in 2016 - -- 11 Numerical results for extremal problem for eigenvalues of the Laplacian -- Bibliography -- Index.
|
| 588 |
|
|
|a Description based on publisher supplied metadata and other sources.
|
| 590 |
|
|
|a Electronic reproduction. Ann Arbor, Michigan : ProQuest Ebook Central, 2023. Available via World Wide Web. Access may be limited to ProQuest Ebook Central affiliated libraries.
|
| 655 |
|
4 |
|a Electronic books.
|
| 776 |
0 |
8 |
|i Print version:
|a Henrot, Antoine
|t Shape Optimization and Spectral Theory
|d Warschau/Berlin : Walter de Gruyter GmbH,c2017
|z 9783110550856
|
| 797 |
2 |
|
|a ProQuest (Firm)
|
| 856 |
4 |
0 |
|u https://ebookcentral.proquest.com/lib/matrademy/detail.action?docID=5494961
|z Click to View
|